| 000 | 00854cam a22002294a 4500 | ||
|---|---|---|---|
| 005 | 20250605164136.0 | ||
| 008 | 250528s ||||||||||||||||||||||||d | ||
| 035 | _a18795 | ||
| 020 | _a521432553 | ||
| 040 |
_aGR-AtMCL _bgre _dGR-AtMCL _eAACR2 |
||
| 245 | 1 | _aAdult Eyewitness Testimony / Current Trends and Developments | |
| 250 | _a1st | ||
| 260 |
_bCambridge University Press, _c1994 |
||
| 300 | _a436 | ||
| 520 | _aPreface, Cognitine and Physical and Social Processes and Factors Influencing Eyewitness Recall and Identification, Lineup Construction and Collection of Testimony, Whom to believe? Distinguishing Accurate from Inaccurate Eyewitnesses, Name and Subject Index. | ||
| 700 | 1 |
_aRead J. Don _95050 |
|
| 700 | 1 |
_aRoss David Frank _95051 |
|
| 700 | 1 |
_aToglia Michael P _95052 |
|
| 942 | _cBK | ||
| 999 |
_c4108 _d4108 |
||